000 00764nam a2200241Ia 4500
003 OSt
005 20221006163820.0
006 a|||||r|||| 00| 0
007 ta
008 221006b |||||||| |||| 00| 0 eng d
024 _a7,836
037 _cDissertations
040 _aFML
_cFML
_beng
041 _2eng
_aeng
100 _aLyngdoh Budshaphrang Au.
_9556024
110 _aDelhi University. Faculty of Music and Fine Arts. College Of Fine Arts
_9675876
245 0 _aMelodic structure of Khasi folk songs - a case study
260 _c2013
300 _aVarious Page
_ccm.
700 _aDelhi University. Faculty of Music and Fine Arts. College Of Fine Arts
_9675877
942 _cDIS
_2CC
999 _c1115378
_d1115378